[Event "Petrov Mem Open"]
[Site "St Petersburg RUS"]
[Date "2002.02.19"]
[Round "8"]
[White "Shaposhnikov,E"]
[Black "Dzhakaev,D"]
[Result "1/2-1/2"]
[WhiteElo "2523"]
[BlackElo "2424"]

1.e4 c5 2.Nf3 Nc6 3.Bb5 g6 4.Bxc6 bxc6 5.O-O Bg7 6.c3 Nh6 7.d4 cxd4 8.cxd4 O-O
9.Re1 d6 10.Nc3 f6 11.b3 Qa5 12.Bb2 Qh5 13.Ne2 g5 14.Ng3 Qg6 15.Rc1 Bd7 16.b4 e6
17.Nd2 Nf7 18.Nc4 g4 19.Na5 Rac8 20.Qa4 Qg5 21.Re2 f5 22.exf5 Bxd4 23.Ne4 Qh6
24.Qc2 e5 25.Bxd4 exd4 26.Qd2 Qxd2 27.Rxd2 Bxf5 28.Rxd4 Bxe4 29.Rxe4 Ne5
30.Nc4 Nd3 31.Rxg4+ Kh8 32.Rf1 d5 33.Na5 c5 34.bxc5 Rxc5 35.Nb3 Rc2 36.Rd4 Nf4
37.Ra4 Ne2+ 38.Kh1 Nc3 39.Rxa7 Rcxf2 40.Rxf2 Rxf2 41.h3  1/2-1/2

[Event "Open"]
[Site "Antalya TUR"]
[Date "2002.02.22"]
[Round "1"]
[White "Georgiev,Kr"]
[Black "Ozturkeri,I"]
[Result "1-0"]
[WhiteElo "2513"]
[BlackElo "2089"]

1.e4 c5 2.Nf3 Nc6 3.Bb5 g6 4.c3 Bg7 5.d4 cxd4 6.cxd4 Qb6 7.Nc3 e6 8.Bxc6 dxc6
9.O-O Ne7 10.e5 O-O 11.Ne4 Nd5 12.Re1 Qc7 13.h4 f5 14.exf6 Nxf6 15.Nxf6+ Bxf6
16.Bh6 Rd8 17.Bg5 Qe7 18.Re5 Bd7 19.Qb3 b6 20.Rae1 Re8 21.h5 gxh5 22.Rf5 Rf8
23.Rxf6 Rxf6 24.Ne5 Raf8 25.Re3 Be8 26.Rg3 Kh8 27.Qc3 Qd6 28.Bxf6+ Rxf6 29.Qe3 Qf8
30.Nf3 Bd7 31.Qe5 Be8 32.Ng5 Bg6 33.Rf3 Bf5 34.Nxe6  1-0

[Event "Mario Covas Jr"]
[Site "Sao Paulo BRA"]
[Date "2002.02.23"]
[Round "4"]
[White "Zarnicki,P"]
[Black "Loureiro,L"]
[Result "1-0"]
[WhiteElo "2493"]
[BlackElo "2358"]

1.e4 c5 2.Nf3 Nc6 3.Bb5 Na5 4.b3 a6 5.Be2 d6 6.Bb2 e5 7.c3 Nf6 8.d4 Qc7 9.b4 Nc6
10.O-O Be7 11.bxc5 dxc5 12.d5 Nb8 13.Nbd2 O-O 14.a4 b6 15.c4 Nbd7 16.Ne1 Bd6
17.Nd3 Re8 18.g3 Rb8 19.Qc2 Nf8 20.Bf3 Ng6 21.Bg2 h5 22.Rae1 h4 23.f4 hxg3
24.hxg3 exf4 25.gxf4 Bxf4 26.Nxf4 Nxf4 27.d6 Qxd6 28.e5 Qd3 29.exf6 Rxe1
30.Rxe1 Bf5 31.Qxd3 Nxd3 32.Rf1 Nxb2 33.Rxf5 gxf6 34.a5 bxa5 35.Rxc5 a4 36.Ra5 Rb4
37.c5 Rd4 38.c6  1-0

[Event "Open"]
[Site "Antalya TUR"]
[Date "2002.02.24"]
[Round "3"]
[White "Georgiev,Kr"]
[Black "Gokerman,E"]
[Result "1-0"]
[WhiteElo "2513"]
[BlackElo "2148"]

1.e4 c5 2.Nf3 Nc6 3.Bb5 g6 4.c3 Nf6 5.e5 Nd5 6.d4 cxd4 7.Qb3 Nc7 8.Bc4 Ne6
9.cxd4 Na5 10.Qc3 Nxc4 11.Qxc4 Qc7 12.Qc3 d5 13.O-O Bd7 14.Qd3 Bg7 15.Nc3 Bc6
16.Re1 O-O 17.h4 Rae8 18.h5 Qb6 19.b3 Rc8 20.Be3 Rfd8 21.Rac1 a6 22.Qb1 Be8
23.Nxd5 Rxc1 24.Nxe7+ Kh8 25.Rxc1 Qb4 26.Nc8 Bc6 27.Nd6 Rxd6 28.exd6 Qxd6
29.h6 Bf6 30.Ne5 Bxe5 31.dxe5 Qd5 32.f3 Kg8 33.Qb2 Qd3 34.Kf2 Qf5 35.Rc4 Qh5
36.Qc3 g5 37.Rg4 Qxh6 38.Bxg5 Nxg5 39.Qe3  1-0

[Event "Jersey Open"]
[Site "St Helier JCI"]
[Date "2002.02.27"]
[Round "4"]
[White "Keeling,G"]
[Black "Bolt,G"]
[Result "1/2-1/2"]
[WhiteElo "2053"]
[BlackElo "2097"]

1.e4 c5 2.Nf3 Nc6 3.Bb5 g6 4.Bxc6 dxc6 5.h3 Bg7 6.O-O Nf6 7.Re1 O-O 8.d3 Qc7
9.Be3 Nd7 10.c3 e5 11.d4 cxd4 12.cxd4 exd4 13.Bxd4 Ne5 14.Nxe5 Bxe5 15.Bxe5 Qxe5
16.Nc3 Be6 17.Qa4 a5 18.Rad1 b5 19.Qc2 Qc5 20.Qd2 a4 21.Rc1 Qe7 22.e5 Rfd8
23.Qe3 Kg7 24.Ne4 Bxa2 25.Nf6 h6 26.Rxc6 Be6 27.Rec1 Rac8 28.Qb6 Bc4 29.Rxc8 Rxc8
30.Qe3 Rd8 31.Ng4 Qg5 32.f4 Qf5 33.Qb6 Rd2 34.Ne3 Qxf4 35.Qf6+ Qxf6 36.exf6+ Kxf6
37.Nxc4 bxc4 38.Rxc4 Rd1+ 39.Kf2 Ra1 40.Ke3 Kg5 41.Kf3 f5 42.Rc5 h5 43.Ra5 Ra2
44.Ra6 h4 45.Rb6 Kh5 46.Rb5 Ra1 47.Ra5 Kg5 48.Rb5 Rf1+ 49.Ke2 Rb1 50.Rb4 Ra1
51.Kf2 Kh5 52.Rb5 Rc1 53.Rb4 Rc2+ 54.Kf3 g5 55.Rxa4 Rxb2 56.Ra5 Rb3+ 57.Kf2 f4
58.Rc5 Rg3 59.Ra5 Re3 60.Rb5 Kg6 61.Ra5 Kf6 62.Ra8 Re6 63.Ra5 Re5 64.Ra6+ Kf5
65.Ra8 Rd5 66.Rf8+ Ke4 67.Re8+ Re5 68.Ra8 Rb5 69.Re8+ Kf5 70.Rf8+ Kg6 71.Rg8+ Kf7
72.Ra8 Rb2+ 73.Kf3 Rb3+ 74.Kf2 Rb5 75.Ra6 Re5 76.Rb6 Ra5 77.Rc6 Ra2+ 78.Kf3 Ra3+
79.Kf2 Rg3 80.Rc7+ Ke6 81.Ra7 f3 82.Ra6+ Kd7 83.gxf3 Rxh3 84.Rh6 Ke7 85.Kg2 Rg3+
86.Kf2 Kf7 87.Ra6 Kg7 88.Rb6 Rh3 89.Kg2 Rg3+ 90.Kf2 g4 91.Rb7+ Kf6 92.Rb6+ Ke5
93.Rb5+ Ke6 94.Rb6+ Kd5 95.fxg4 Rxg4 96.Rh6 Ke4 97.Rh8 Kf5 98.Rf8+ Ke6 99.Rh8 Kf6
100.Rh7 Kg6 101.Rh8 Ra4 102.Kg2  1/2-1/2

[Event "Mario Covas Jr"]
[Site "Sao Paulo BRA"]
[Date "2002.02.28"]
[Round "9"]
[White "Morovic Fernandez,I"]
[Black "Milos,G"]
[Result "1-0"]
[WhiteElo "2554"]
[BlackElo "2580"]

1.e4 c5 2.Nf3 Nc6 3.Bb5 e6 4.O-O Nge7 5.c3 a6 6.Ba4 b5 7.Bc2 c4 8.b3 Ng6
9.bxc4 bxc4 10.Qe2 Na5 11.d4 cxd3 12.Bxd3 Qc7 13.Be3 Nf4 14.Bxf4 Qxf4 15.Nbd2 Be7
16.Rab1 O-O 17.e5 Bb7 18.Nd4 Ra7 19.g3 Qh6 20.Be4 Rc8 21.Rb6 Rxc3 22.Nf5 exf5
23.Rxh6 fxe4 24.Rb6 e3 25.Rxb7 Rxb7 26.Ne4 Ra3 27.fxe3 Nc6 28.Qc4 Nd8 29.Nd6 Bxd6
30.exd6 Rxe3 31.Qxa6 Re8 32.Rc1 g6 33.Rc8 Rb1+ 34.Kf2 Kf8 35.Qa5 Ne6 36.Rxe8+ Kxe8
37.Qa8+  1-0

[Event "Club Maracaibo"]
[Site "Medellin COL"]
[Date "2002.03.01"]
[Round "2"]
[White "Garcia,Gild"]
[Black "Gamboa,N"]
[Result "0-1"]
[WhiteElo "2498"]
[BlackElo "2363"]

1.e4 c5 2.Nf3 Nc6 3.Bb5 g6 4.O-O Bg7 5.c3 Nf6 6.d4 cxd4 7.cxd4 Nxe4 8.d5 Nd6
9.Na3 Nb8 10.Re1 O-O 11.Qa4 Na6 12.Bg5 Re8 13.Nc4 Nxb5 14.d6 f6 15.Qxb5 e6
16.Be3 b6 17.Nfd2 Nb8 18.Nb3 Bb7 19.Rac1 Ba6 20.Qb4 Nc6 21.Qa4 Bb7 22.Qb5 Rb8
23.f4 Kh8 24.Bf2 Bh6 25.Be3 Ba8 26.Ncd2 e5 27.Qf1 Bf8 28.Ne4 Bg7 29.Nbd2 Re6
30.f5 gxf5 31.Qxf5 Qe8 32.Nf3 Nb4 33.Rc7 Nd5 34.Rxa7 Nxe3 35.Rxe3 Rc8 36.h3 Bh6
37.Re2 Bc6 38.Nfd2 Qg6 39.g4 Bxd2 40.Nxd2 Qxf5 41.gxf5 Rg8+ 42.Kf2 Rxd6 43.Ne4 Rd4
44.Nxf6 Rf8 45.Ng4 Rxf5+ 46.Ke1 Bf3 47.Ne3 Rf8 48.Rd2 Re4 49.Rd3 d5 50.Kd2 d4
51.Nc4 Re2+ 52.Kc1 Be4  0-1

[Event "ch-RUS Boys U20"]
[Site "Vladimir RUS"]
[Date "2002.03.01"]
[Round "1"]
[White "Kokarev,D"]
[Black "Kuznetsov,Vi2"]
[Result "1-0"]
[WhiteElo "2478"]
[BlackElo "2367"]

1.e4 c5 2.Nf3 Nc6 3.Bb5 g6 4.Bxc6 dxc6 5.h3 f6 6.e5 Bg7 7.Qe2 f5 8.Nc3 e6
9.Qc4 Qa5 10.d3 Ne7 11.Bd2 O-O 12.Na4 Qb5 13.Qxb5 cxb5 14.Nxc5 b6 15.Nb3 Bb7
16.Nbd4 Rfe8 17.O-O Nc6 18.Rfe1 a6 19.Nxc6 Bxc6 20.Nd4 Bb7 21.Bb4 Rac8 22.Bd6 Kf7
23.a4 bxa4 24.Rxa4 Red8 25.Rb4 b5 26.Ra1 g5 27.c3 h6 28.Nb3 Bf8 29.Bxf8 Kxf8
30.d4 Rb8 31.Nc5 Bc8 32.Rb3 Rb6 33.Rba3 b4 34.Rb3 Rd5 35.Ra4  1-0

[Event "ch-RUS Girls U20"]
[Site "Vladimir RUS"]
[Date "2002.03.01"]
[Round "1"]
[White "Zimina,O"]
[Black "Kucherova,L"]
[Result "1-0"]
[WhiteElo "2345"]
[BlackElo "2171"]

1.e4 c5 2.Nf3 Nc6 3.Bb5 g6 4.O-O Bg7 5.Re1 e5 6.Bxc6 dxc6 7.d3 Qe7 8.a3 Nf6
9.Nbd2 Nd7 10.b4 cxb4 11.axb4 O-O 12.Bb2 Rd8 13.Bc3 Nf8 14.Nc4 Bg4 15.h3 Bxf3
16.Qxf3 f6 17.Qe3 b6 18.Ra2 Ne6 19.Rea1 Qb7 20.Kh1 Kh8 21.Bd2 Bf8 22.Qg3 Qc7
23.Be3 c5 24.b5 Ng7 25.Ra6 Rdb8 26.Bc1 Rb7 27.Bb2 Re8 28.Qf3 Be7 29.Ne3 Bd8
30.Nd5 Qf7 31.c4 Ne6 32.Qd1 Rg8 33.Qd2 Rg7 34.Rf1 g5 35.Raa1 Qh5 36.Qd1 Qh4
37.Qg4 Qxg4 38.hxg4 Nc7 39.Ne3 Rd7 40.Ra3 Ne6 41.g3 Kg7 42.Kg2 Kg6 43.Rh1 Bc7
44.Nf5 Nf8 45.Kf3 Bb8 46.Ke2 Kf7 47.Rh6 Ke6 48.Ra1 Ng6 49.Ne3 Rf7 50.Rah1 Rbd7
51.Nd5 Bd6 52.Bc1 Bf8 53.R6h2 h6 54.Bd2 Rb7 55.Ne3 Rbd7 56.Bc3 Rd8 57.Nd5 Rfd7
58.Bd2 Bg7 59.Be3 Ne7 60.f4 Kd6 61.Rf1 Nxd5 62.exd5 Rf8 63.Rhf2 Rdd8 64.fxe5+ Kxe5
65.Bc1 Kd6 66.Bb2 Rde8+ 67.Kd2 Rf7 68.Bxf6 Bxf6 69.Rxf6+  1-0

[Event "US Masters"]
[Site "Chicago USA"]
[Date "2002.03.02"]
[Round "5"]
[White "Lein,A"]
[Black "Gurevich,D"]
[Result "0-1"]
[WhiteElo "2398"]
[BlackElo "2544"]

1.e4 c5 2.Nf3 Nc6 3.Bb5 g6 4.O-O Bg7 5.Nc3 d6 6.d3 Bd7 7.Re1 Nf6 8.Nd5 O-O
9.c3 a6 10.Ba4 b5 11.Bc2 Bg4 12.h3 Bxf3 13.Qxf3 e6 14.Nxf6+ Bxf6 15.a3 Bg7
16.Rb1 a5 17.a4 b4 18.Bd2 Rb8 19.Bb3 Qd7 20.Qe2 Rb6 21.Bc4 Na7 22.cxb4 axb4
23.a5 Rb7 24.Be3 Nc6 25.Ra1 Ra8 26.a6 Rb6 27.Ra2 Ra7 28.Rea1 Bd4 29.Ra4 Qd8
30.g3 Qc8 31.Bf4 Qd7 32.Kg2 Kg7 33.h4 Qe7 34.Bg5 Bf6 35.Be3 h5 36.R1a2 Qd8
37.Bb3 Qa8 38.Kg1 Rbxa6 39.Qc2 Ne5 40.Kg2 Rxa4 41.Rxa4 Rxa4 42.Bxa4 Qa6  0-1

[Event "TCh-ISR"]
[Site "ISR"]
[Date "2002.03.02"]
[Round "5"]
[White "Bitansky,I"]
[Black "Mikhalevski,V"]
[Result "1-0"]
[WhiteElo "2297"]
[BlackElo "2531"]

1.e4 c5 2.Nf3 Nc6 3.Bb5 e6 4.O-O Nge7 5.c3 a6 6.Ba4 b5 7.Bc2 Bb7 8.Qe2 Ng6
9.d4 cxd4 10.cxd4 Nh4 11.Rd1 Rc8 12.Nc3 Na5 13.a3 Nc4 14.d5 Nxf3+ 15.Qxf3 Qf6
16.Qxf6 gxf6 17.Bd3 Rg8 18.Bf1 h5 19.Rd3 h4 20.Rh3 Be7 21.b4 f5 22.exf5 exd5
23.Bf4 Rg4 24.Ne2 Bf6 25.Re1 d6 26.Ng3+ Kd8 27.Nh5 Be5 28.Rxh4 Rxh4 29.Bg5+ Kc7
30.Bxh4 Rh8 31.g4 Nxa3 32.Bg3 f6 33.Nf4 Kb6 34.Ng6 Rh7 35.Nxe5 dxe5 36.f4 Nc2
37.Rc1 Nd4 38.Bf2 Bc6 39.fxe5 fxe5 40.g5 Kb7 41.Bxd4 exd4 42.g6 Rh4 43.Bd3 Bd7
44.Rf1 Rg4+ 45.Kf2 Be8 46.Kf3 Rh4 47.Kg3 Rh5 48.h4 Rh6 49.Kg4 Bd7 50.Kg5  1-0

[Event "Anibal Open"]
[Site "Linares ESP"]
[Date "2002.03.02"]
[Round "2"]
[White "Kritz,L"]
[Black "Frois,A"]
[Result "0-1"]
[WhiteElo "2453"]
[BlackElo "2354"]

1.e4 c5 2.Nf3 Nc6 3.Bb5 g6 4.Bxc6 dxc6 5.d3 Bg7 6.h3 e5 7.Be3 Qe7 8.Qd2 Nf6
9.Nc3 O-O 10.O-O-O a5 11.Bh6 Bxh6 12.Qxh6 Nh5 13.Ne2 f6 14.g4 Ng7 15.Nh4 Ne6
16.Rhg1 Nd4 17.Nxd4 cxd4 18.f4 exf4 19.Qxf4 Bd7 20.Qh6 Qg7 21.Qd2 Qe7 22.Rdf1 c5
23.Nf3 Kg7 24.h4 a4 25.h5 g5 26.h6+ Kxh6 27.Rh1+ Kg7 28.Qh2 Kg8 29.Qg3 Rf7
30.Rh6 Raf8 31.Rfh1 Rg7 32.Nh2 c4 33.Nf3 cxd3 34.cxd3 Qe6 35.Nxg5 Qxa2 36.Rxh7 Rxh7
37.Rxh7 Rc8+ 38.Kd1 Qb1+ 39.Ke2 Rc2+  0-1

[Event "Anibal Open"]
[Site "Linares ESP"]
[Date "2002.03.02"]
[Round "2"]
[White "Estrada Nieto,J"]
[Black "Mirzoev,A"]
[Result "1-0"]
[WhiteElo "2373"]
[BlackElo "2494"]

1.e4 c5 2.Nf3 Nc6 3.Bb5 g6 4.Bxc6 bxc6 5.O-O Bg7 6.Re1 Nf6 7.e5 Nd5 8.c4 Nc7
9.d4 cxd4 10.Qxd4 d5 11.Nc3 O-O 12.Qh4 h5 13.h3 Be6 14.Nd4 Qd7 15.cxd5 Bxd5
16.Nxd5 cxd5 17.Bg5 Rfe8 18.Rac1 Ne6 19.Nxe6 Qxe6 20.Qd4 Qd7 21.Rc5 e6 22.Rec1 Rec8
23.Bf6 Rxc5 24.Rxc5 a5 25.g4 hxg4 26.hxg4 Bxf6 27.exf6 e5 28.Rxd5 Qe6 29.Rxe5 Qxa2
30.Qe4 Rf8 31.Re8 Rxe8 32.Qxe8+ Kh7 33.Qf8 Qb1+ 34.Kh2  1-0

[Event "Jersey Open"]
[Site "St Helier JCI"]
[Date "2002.03.02"]
[Round "7"]
[White "Quillan,G"]
[Black "Corkett,A"]
[Result "1-0"]
[WhiteElo "2319"]
[BlackElo "2316"]

1.e4 c5 2.Nf3 Nc6 3.Bb5 g6 4.O-O Bg7 5.c3 Nf6 6.d4 cxd4 7.cxd4 Nxe4 8.d5 Nb8
9.Qe2 Nd6 10.Bd3 O-O 11.Nc3 Na6 12.Bf4 Nc5 13.Bc2 b6 14.Bxd6 exd6 15.Qd2 a5
16.a3 Ba6 17.Rfd1 Rc8 18.Rab1 Re8 19.Nd4 Qh4 20.g3 Qf6 21.b4 Qxd4 22.Qxd4 Bxd4
23.Rxd4 Nb7 24.Ne4 Rxc2 25.Nf6+ Kf8 26.Nxe8 Kxe8 27.b5 Bxb5 28.Rxb5 Nc5 29.Rxb6 Ke7
30.Rd1 Kd8 31.Rb8+ Kc7 32.Rf8 a4 33.Rxf7 h5 34.Rf6 Ne4 35.Rf4 Nc3 36.Rc4+ Kd8
37.Kg2 Rxf2+ 38.Kxf2 Nxd1+ 39.Ke2  1-0

[Event "Cupa Martisor Open"]
[Site "Bucharest ROM"]
[Date "2002.03.03"]
[Round "5"]
[White "Pali,A"]
[Black "Batali,G"]
[Result "1-0"]
[WhiteElo "2136"]
[BlackElo "2076"]

1.e4 c5 2.Nf3 Nc6 3.Bb5 e6 4.O-O d6 5.Re1 Bd7 6.c3 Be7 7.d4 cxd4 8.cxd4 Qb6
9.Nc3 a6 10.Bf1 Qc7 11.Be3 Nf6 12.Rc1 Qb8 13.d5 Ne5 14.dxe6 Nxf3+ 15.Qxf3 fxe6
16.Bc4 b5 17.Bb3 b4 18.Na4 Qb7 19.Nb6 Rd8 20.Nxd7 Qxd7 21.Qh3 Kf7 22.Rc7 Qxc7
23.Qxe6+ Ke8 24.Qf7+ Kd7 25.Be6+ Kc6 26.Rc1+ Kb7 27.Rxc7+ Kxc7 28.Qxe7+ Nd7
29.Bf4  1-0

[Event "Anibal Open"]
[Site "Linares ESP"]
[Date "2002.03.03"]
[Round "3"]
[White "Frois,A"]
[Black "Cheparinov,I"]
[Result "1/2-1/2"]
[WhiteElo "2354"]
[BlackElo "2450"]

1.e4 c5 2.Nf3 Nc6 3.Bb5 d6 4.O-O Bd7 5.Re1 Nf6 6.h3 Ne5 7.Bxd7+ Nexd7 8.d3 g6
9.Nc3 Bg7 10.Bf4 O-O 11.e5 dxe5 12.Nxe5 Nxe5 13.Bxe5 Qd7 14.Qf3 Rfd8 15.Re2 Rac8
16.Rae1 Qc6 17.Qxc6 Rxc6 18.b3 e6 19.a4 Nd5 20.Nxd5 Rxd5 21.f3 Bxe5 22.Rxe5 Rcd6
23.Kf2 Kf8 24.R5e4 Ke7 25.Rh4 h5 26.Rhe4 Rd4 27.Re5 R6d5 28.Rxd5 Rxd5 29.Re4 f5
30.Rc4 e5 31.Ke3 b6 32.c3 a6 33.b4 cxb4 34.cxb4 Kd7 35.f4 exf4+ 36.Rxf4 g5
37.Rc4 h4 38.Rc2 Rd6 39.Rf2 Ke6 40.Rc2 Kd5 41.Rc8 Re6+ 42.Kf3 Kd4 43.Ra8 b5
44.axb5 axb5 45.Rg8 Re3+ 46.Kf2 Rxd3 47.Rxg5 Ke5 48.g4 hxg3+ 49.Rxg3 Rxg3
50.Kxg3 Ke4 51.h4 Ke3 52.Kg2  1/2-1/2

[Event "Anibal Open"]
[Site "Linares ESP"]
[Date "2002.03.03"]
[Round "3"]
[White "Moreno Carnero,J"]
[Black "Moreno,Ale"]
[Result "1/2-1/2"]
[WhiteElo "2503"]
[BlackElo "2390"]

1.e4 c5 2.Nf3 Nc6 3.Bb5 e6 4.O-O Nge7 5.c3 a6 6.Ba4 b5 7.Bc2 Ng6 8.d4 d6
9.a4 Rb8 10.axb5 axb5 11.dxc5 dxc5 12.Qxd8+ Nxd8 13.c4 Bd7 14.h4 h5 15.cxb5 Bxb5
16.Rd1 Be7 17.Nc3 O-O 18.Nxb5 Rxb5 19.g3 Bf6 20.Ra8 Nb7 21.Rxf8+ Nxf8 22.e5 Be7
23.Kg2 Na5 24.Re1 Nb3 25.Be3 g6 26.Rd1 Na5 27.Bc1 Kg7 28.Rd3 Nc6 29.Ba4 Rb6
30.Bxc6 Rxc6 31.Bg5 Bxg5 32.Nxg5 Rb6 33.b3 Rb7 34.Ne4 Nd7 35.f4 Kf8 36.Rd6 Ke7
37.Rc6 Rxb3 38.Rc7 Rb2+ 39.Kf3 Kd8 40.Rc6 Rb6 41.Rxb6 Nxb6 42.Nxc5 Ke7 43.Ne4 Nc4
44.Ke2 Nb6 45.Kd3 Nd5 46.Kd4 Kf8 47.Kc5 Ke7 48.Kd4 Kf8 49.Kc5  1/2-1/2

[Event "ch-RUS Girls U20"]
[Site "Vladimir RUS"]
[Date "2002.03.03"]
[Round "3"]
[White "Fominykh,M"]
[Black "Sudakova,I"]
[Result "1-0"]
[WhiteElo "2163"]
[BlackElo "2354"]

1.e4 c5 2.Nf3 Nc6 3.Bb5 g6 4.Bxc6 dxc6 5.d3 Bg7 6.h3 e6 7.Nc3 Ne7 8.Be3 b6
9.Qd2 Ba6 10.Bh6 O-O 11.h4 f6 12.Bxg7 Kxg7 13.h5 g5 14.e5 h6 15.exf6+ Rxf6
16.Ne4 Rf5 17.Qc3+ e5 18.Ng3 Rxf3 19.gxf3 Qd4 20.O-O-O Rf8 21.Rde1 Nd5 22.Qa3 Nb4
23.Re3 Qd5 24.Rhe1 Nxa2+ 25.Kb1 Nb4 26.Rxe5 Qxf3 27.Qc3 Kg8 28.Re6 Kh7 29.Re7+ Rf7
30.Re8 Rg7 31.Nf5  1-0

[Event "FSIMB March"]
[Site "Budapest HUN"]
[Date "2002.03.04"]
[Round "3"]
[White "Brustkern,J"]
[Black "Papp,Ga"]
[Result "1/2-1/2"]
[WhiteElo "2289"]
[BlackElo "2320"]

1.e4 c5 2.Nf3 Nc6 3.Bb5 e6 4.O-O Qc7 5.Nc3 Nf6 6.Re1 Ng4 7.Bxc6 bxc6 8.e5 f6
9.d3 Nxe5 10.Nxe5 fxe5 11.f4 exf4 12.Qg4 d6 13.Bxf4 e5 14.Qg3 Bd7 15.Bg5 Be6
16.Ne4 Kd7 17.Be3 Re8 18.c4 Rg8 19.a3 Be7 20.b4 cxb4 21.axb4 Ra8 22.Ra6 Qb7
23.Rea1 Qxb4 24.Rxa7+ Rxa7 25.Rxa7+ Kd8 26.h3 h6 27.Kh2 g5 28.Bc5 Qb2 29.Nxd6 Bxd6
30.Bxd6 Qd4 31.c5 Qf4 32.Bxe5 Qxg3+ 33.Kxg3 Rg6 34.Rg7 Rxg7 35.Bxg7 h5 36.Bf6+ Ke8
37.Bxg5 Kf7 38.Kf4 Kg6 39.g4 hxg4 40.hxg4 Bd5 41.Bh4  1/2-1/2

[Event "ch-RUS Girls U20"]
[Site "Vladimir RUS"]
[Date "2002.03.04"]
[Round "4"]
[White "Zhevakina,A"]
[Black "Dordzhieva,N"]
[Result "1-0"]
[WhiteElo "2157"]
[BlackElo "2123"]

1.e4 c5 2.Nf3 Nc6 3.Bb5 a6 4.Bxc6 dxc6 5.d3 e6 6.Nc3 Nf6 7.h3 Be7 8.Be3 O-O
9.Qd2 b5 10.Ne5 Qc7 11.f4 Rd8 12.Qf2 Nd7 13.Nxd7 Bxd7 14.e5 b4 15.Ne4 Qa5
16.O-O Be8 17.Nxc5 Bxc5 18.Bxc5 Rab8 19.d4 Bd7 20.g4 Qb5 21.b3 a5 22.f5 exf5
23.gxf5 Re8 24.Rae1 Qb7 25.Qg3 Kh8 26.Kh2 Qc8 27.Qf4 Rg8 28.Re3 Qe8 29.Rg3 Qd8
30.Rfg1 g6 31.Bd6 Rc8 32.e6 fxe6 33.fxe6 Bxe6 34.Be5+ Rg7 35.Qh6  1-0

[Event "Anibal Open"]
[Site "Linares ESP"]
[Date "2002.03.06"]
[Round "6"]
[White "Perez,Rod"]
[Black "Frois,A"]
[Result "1-0"]
[WhiteElo "2429"]
[BlackElo "2354"]

1.e4 c5 2.Nf3 Nc6 3.Bb5 g6 4.O-O Bg7 5.Re1 Nf6 6.e5 Nd5 7.Nc3 Nc7 8.Bxc6 dxc6
9.Ne4 Ne6 10.d3 O-O 11.Be3 Nd4 12.Nxc5 Bg4 13.Nxb7 Bxf3 14.gxf3 Qb6 15.Bxd4 Qxd4
16.Na5 Qxb2 17.Nxc6 e6 18.Re4 Kh8 19.Qb1 Qc3 20.Rc4 Qd2 21.Qc1  1-0

[Event "ch-RUS Boys U20"]
[Site "Vladimir RUS"]
[Date "2002.03.06"]
[Round "6"]
[White "Asanov,Ti"]
[Black "Smirnov,P"]
[Result "0-1"]
[WhiteElo "2411"]
[BlackElo "2510"]

1.e4 c5 2.Nf3 Nc6 3.Bb5 g6 4.O-O Bg7 5.c3 Nf6 6.Re1 O-O 7.h3 e5 8.d3 d6 9.Nbd2 Ne8
10.a4 Nc7 11.Bc4 Kh8 12.Rb1 a6 13.Nf1 b5 14.Ba2 f5 15.Ne3 f4 16.Nd5 Ne6 17.b4 cxb4
18.Nxb4 Nxb4 19.cxb4 Bd7 20.a5 g5 21.d4 Nxd4 22.Nxd4 exd4 23.f3 h5 24.Bb2 Qf6
25.Re2 g4 26.fxg4 hxg4 27.Rd2 Qg5 28.Bxd4 Bxd4+ 29.Rxd4 gxh3 30.Qf3 Bg4 31.Qf2 Rf6
32.Rd5 Qh6 33.e5 hxg2 34.Qxg2 f3 35.Qf2 Rg6 36.Rxd6 Be6+  0-1

[Event "Anibal Open"]
[Site "Linares ESP"]
[Date "2002.03.07"]
[Round "7"]
[White "Li Shilong"]
[Black "Halkias,S"]
[Result "0-1"]
[WhiteElo "2509"]
[BlackElo "2546"]

1.e4 c5 2.Nf3 Nc6 3.Bb5 d6 4.O-O Bd7 5.Re1 Nf6 6.h3 g6 7.c3 Ne5 8.Bxd7+ Nfxd7
9.d4 Nxf3+ 10.Qxf3 Bg7 11.Qd3 Qb6 12.d5 O-O 13.Nd2 Rfc8 14.Qe2 Qc7 15.Nf3 c4
16.Be3 b5 17.Nd4 a6 18.a4 Qb7 19.axb5 axb5 20.Nc6 Kf8 21.f4 e6 22.Rxa8 Rxa8
23.Qd2 Nf6 24.Bd4 Re8 25.Kh2 Qd7 26.g4 h6 27.Bxf6 Bxf6 28.Ra1 exd5 29.exd5 Re4
30.Ra8+ Kg7 31.Kg3 g5 32.fxg5 Bxg5 33.Qf2 h5 34.Nd4 Rxg4+ 35.hxg4 Bh4+ 36.Kg2 Qxg4+
37.Kf1 Bxf2 38.Kxf2 Qf4+ 39.Ke2 Qe4+ 40.Kf2 Qf4+ 41.Ke2 Qh2+  0-1

[Event "FSGM March"]
[Site "Budapest HUN"]
[Date "2002.03.08"]
[Round "7"]
[White "Breder,D"]
[Black "Flumbort,A"]
[Result "1/2-1/2"]
[WhiteElo "2441"]
[BlackElo "2436"]

1.e4 c5 2.Nf3 Nc6 3.Bb5 e6 4.Bxc6 bxc6 5.d3 Ne7 6.Qe2 f6 7.Nh4 g6 8.f4 Bg7
9.Nf3 O-O 10.g4 d5 11.e5 fxe5 12.fxe5 Rb8 13.O-O Qc7 14.c4 h6 15.h4 Ba6 16.Na3 Rf7
17.Rb1 Qa5 18.Bd2 Qa4 19.Be3 Qa5 20.Bd2 Qa4 21.Be3 Qa5 22.Qd2 Qa4  1/2-1/2

[Event "TCh-AUT 2001-2"]
[Site "Dornbirn AUT"]
[Date "2002.03.09"]
[Round "10"]
[White "Kuba,G"]
[Black "Peterwagner,H"]
[Result "1-0"]
[WhiteElo "2313"]
[BlackElo "2226"]

1.e4 c5 2.Nf3 Nc6 3.Bb5 g6 4.O-O Bg7 5.Re1 Nf6 6.c3 O-O 7.d4 cxd4 8.cxd4 d6
9.h3 a6 10.Bf1 b5 11.a4 b4 12.Nbd2 Nd7 13.Nb3 Na5 14.Be3 Bb7 15.Bd3 Rc8 16.Nxa5 Qxa5
17.Nd2 Qd8 18.a5 e5 19.d5 f5 20.f3 fxe4 21.fxe4 Nc5 22.Nb3 Nxd3 23.Qxd3 Qh4
24.Nd2 Rc7 25.Nc4 Bc8 26.Re2 Bxh3 27.Bb6 Rxc4 28.Qxc4 Bg4 29.Rf2 Rc8 30.Qd3 Bd7
31.Qf3 Bb5 32.Qh3  1-0

[Event "TCh-AUT 2001-2"]
[Site "Dornbirn AUT"]
[Date "2002.03.09"]
[Round "10"]
[White "Watzka,H"]
[Black "Prager,M"]
[Result "1-0"]
[WhiteElo "2364"]
[BlackElo "2073"]

1.e4 c5 2.Nf3 Nc6 3.Bb5 a6 4.Bxc6 bxc6 5.O-O d6 6.h3 e5 7.c3 Nf6 8.Re1 Be7
9.d4 cxd4 10.cxd4 exd4 11.Nxd4 Qc7 12.Nc3 O-O 13.Bf4 c5 14.Nde2 Be6 15.Ng3 Rfe8
16.Qd2 Rad8 17.Rad1 Qc8 18.Qc2 h6 19.Re2 Bf8 20.Red2 Qb8 21.Nf1 Rd7 22.Ne3 Red8
23.b3 Qb7 24.Ned5 Ne8 25.Bg3 Nc7 26.Nxc7 Qxc7 27.Nd5 Qb7 28.Qc3 f6 29.Bh4 Re8
30.f3 Bxd5 31.Rxd5 Re5 32.R5d2 d5 33.exd5 Kh8 34.Qc4 Re8 35.Bg3 Red8 36.Kh1 Qb6
37.Re2 Bd6 38.Re6 Qa5 39.Bxd6 Rxd6 40.Rxd6 Rxd6 41.a4 Kg8 42.h4 Qb4 43.h5 Kf7
44.Qc2 Qh4+ 45.Kg1 Qxh5 46.Qxc5 Qe5 47.b4 Rd7 48.d6 Qe2 49.Qd5+ Qe6 50.Qd3 h5
51.Qxa6 h4 52.Qd3 h3 53.Qd5  1-0

[Event "120th Varsity Match"]
[Site "London ENG"]
[Date "2002.03.09"]
[Round "1"]
[White "Meyer,Harv"]
[Black "Morgan,B"]
[Result "1/2-1/2"]
[WhiteElo "2228"]
[BlackElo "2200"]

1.e4 c5 2.Nf3 Nc6 3.Bb5 e6 4.O-O Nge7 5.b3 Ng6 6.Bb2 f6 7.d4 cxd4 8.Nxd4 Bc5
9.c3 O-O 10.Na3 a6 11.Be2 Nf4 12.Re1 Nxe2+ 13.Rxe2 d5 14.Nxc6 bxc6 15.Rd2 Qe8
16.Qe2 Qg6 17.Re1 Kh8 18.Nc2 e5 19.exd5 cxd5 20.Ne3 d4 21.Qc4 dxe3 22.Qxc5 exf2+
23.Qxf2 Bg4 24.c4 Rfd8 25.c5 Rxd2 26.Qxd2 Bf3 27.Rc1 Bc6 28.Qc2  1/2-1/2

[Event "FSGM March"]
[Site "Budapest HUN"]
[Date "2002.03.10"]
[Round "9"]
[White "Breder,D"]
[Black "Dembo,Y"]
[Result "0-1"]
[WhiteElo "2441"]
[BlackElo "2346"]

1.e4 c5 2.Nf3 Nc6 3.Bb5 g6 4.Bxc6 dxc6 5.d3 Bg7 6.h3 Nf6 7.Nc3 O-O 8.Be3 Nd7
9.Qd2 e5 10.Nh2 Qe7 11.Bh6 Rd8 12.Bxg7 Kxg7 13.Ng4 Nf8 14.O-O-O b5 15.Kb1 a5
16.f4 Bxg4 17.hxg4 f6 18.Ne2 Ra7 19.g5 exf4 20.gxf6+ Qxf6 21.Nxf4 Qe5 22.Qe3 Rf7
23.g3 Kg8 24.Rhf1 a4 25.c3 Rfd7 26.Kc2 b4 27.a3 Rb7 28.d4 Qb8 29.axb4 cxb4
30.c4 b3+ 31.Kd3 a3 32.bxa3 Qa7 33.Ke2 Qxa3 34.Kf3 Qb4 35.Qd3 b2 36.Kg2 Ra7
37.d5 Ra3 38.Qd4 Qb3 39.Nd3 b1=Q 40.Rxb1 Qxd3 41.Qxd3 Rxd3 42.Rb7 cxd5 43.cxd5 Nd7
44.Rc1 Kf8 45.Rcc7 Ke7 46.Kf2 h5 47.Ke2 Rxg3 48.Rc6 Rg4 49.Ke3 h4 50.Re6+ Kf8
51.e5 h3 52.Rb1 Nc5 53.Rf6+ Kg7 54.Kf3 Rh4 55.d6 Ne4 56.Rf4 Nd2+ 57.Ke3 Rxf4  0-1

[Event "ch-RUS Boys U20"]
[Site "Vladimir RUS"]
[Date "2002.03.10"]
[Round "9"]
[White "Tomashevsky,E"]
[Black "Sitnikov,D"]
[Result "1/2-1/2"]
[WhiteElo "2452"]
[BlackElo "2381"]

1.e4 c5 2.Nf3 Nc6 3.Bb5 d6 4.O-O Nf6 5.Re1 Bd7 6.c3 a6 7.Bf1 Bg4 8.d3 g6
9.Nbd2 Bg7 10.h3 Bd7 11.d4 cxd4 12.cxd4 O-O 13.d5 Nb8 14.a4 e6 15.Nc4 exd5
16.exd5 Bxa4 17.Qxa4 b5 18.Qb3 bxc4 19.Qxc4 Nbd7 20.Rxa6 Rxa6 21.Qxa6 Nb6
22.Bg5 h6 23.Bh4 Qc7 24.Bg3 Nfxd5 25.Qa3 Ra8 26.Qb3 Qc5 27.Nd2 Qa5 28.Rd1 Qa4
29.Qf3 Bxb2 30.Ne4 Kg7 31.Nxd6 Nf6 32.Re1 Ra7 33.Rb1 Qa2 34.Bd3 Nbd5 35.Rf1 Qb3
36.Be4  1/2-1/2

[Event "ch-RUS Boys U20"]
[Site "Vladimir RUS"]
[Date "2002.03.11"]
[Round "10"]
[White "Kim,A"]
[Black "Skorchenko,D"]
[Result "1-0"]
[WhiteElo "2414"]
[BlackElo "2420"]

1.e4 c5 2.Nf3 Nc6 3.Bb5 e6 4.Bxc6 bxc6 5.b3 Ne7 6.h4 h5 7.Qe2 Ng6 8.e5 Be7
9.Qe4 Rb8 10.c4 d5 11.exd6 Bf6 12.Nc3 Qxd6 13.Ba3 Nf4 14.d4 Bxd4 15.O-O-O f5
16.Qc2 e5 17.Nxd4 exd4 18.Rhe1+ Kf7 19.g3 Ng6 20.Na4 Rb4 21.Bxb4 cxb4 22.c5 Qd5
23.f4 Rd8 24.Nb2 Ba6 25.Nd3 Bxd3 26.Rxd3 Kf6 27.Red1 Nf8 28.Rxd4 Qxd4 29.Rxd4 Rxd4
30.Qe2 Rd5 31.Qxh5 Ne6 32.Kb1 Rxc5 33.Qe2 a5 34.h5 Kf7 35.Qd3 Rd5 36.Qa6 Rc5
37.Qb7+ Kf6 38.Qd7 Rc3 39.Qd6 Kf7 40.Qe5 Rc5 41.Qb8 Ke7 42.Qg8 Rc3 43.g4 Rg3
44.g5 Kd6 45.Qb8+  1-0

[Event "Ciocaltea Mem"]
[Site "Bucharest ROM"]
[Date "2002.03.12"]
[Round "9"]
[White "Sofronie,I"]
[Black "Parligras,M"]
[Result "1/2-1/2"]
[WhiteElo "2458"]
[BlackElo "2498"]

1.e4 c5 2.Nf3 Nc6 3.Bb5 d6 4.O-O Bd7 5.Re1 Nf6 6.c4 g6 7.Nc3 Bg7 8.Bxc6 Bxc6
9.d4 cxd4 10.Nxd4 O-O 11.Nxc6  1/2-1/2